New Zealand Valuer (Record no. 119076)

MARC details
000 -LEADER
fixed length control field 00511cas a22001815a 4500
001 - CONTROL NUMBER
control field L139212
008 - FIXED-LENGTH DATA ELEMENTS--GENERAL INFORMATION
fixed length control field 070724c19411986nz qr p 0 a0eng u
035 ## - SYSTEM CONTROL NUMBER
System control number (Sirsi) u139212
041 0# - LANGUAGE CODE
Language code of text/sound track or separate title eng
110 2# - MAIN ENTRY--CORPORATE NAME
Corporate name or jurisdiction name as entry element New Zealand Institute of Valuers
9 (RLIN) 1111
245 00 - TITLE STATEMENT
Title New Zealand Valuer
362 0# - DATES OF PUBLICATION AND/OR SEQUENTIAL DESIGNATION
Dates of publication and/or sequential designation 5(1) March 1947-26(5) March 1986
554 ## -
-- Four per year
651 #4 - SUBJECT ADDED ENTRY--GEOGRAPHIC NAME
Geographic name New Zealand
690 ## - LOCAL SUBJECT ADDED ENTRY--TOPICAL TERM (OCLC, RLIN)
Topical term or geographic name as entry element PROPERTY-PROPERTY APPRAISAL AND VALUATION
785 00 - SUCCEEDING ENTRY
Title New Zealand Valuers' Journal
International Standard Serial Number 0013-0315
942 ## - ADDED ENTRY ELEMENTS (KOHA)
Suppress in OPAC 0
Holdings
Withdrawn status Lost status Source of classification or shelving scheme Damaged status Not for loan Home library Current library Shelving location Date acquired Total Checkouts Full call number Barcode Date last seen Price effective from Koha item type
    Dewey Decimal Classification     London London Basement 24/07/2007   NEW ZEALAND PROPERTY JOURNALS 139212-1001 06/08/2019 06/08/2019 Journal